¿Fábricas de niños? (Record no. 59990)

MARC details
000 -LEADER
campo de control de longitud fija 01949nac a2200289 a 4500
003 - IDENTIFICADOR DE NÚMERO DE CONTROL
campo de control Co-PeBPM
005 - FECHA Y HORA DE LA ÚLTIMA TRANSACCIÓN
campo de control 20240925204048.0
007 - CAMPO FIJO DE DESCRIPCIÓN FÍSICA--INFORMACIÓN GENERAL
campo de control de longitud fija ta
008 - DATOS DE LONGITUD FIJA--INFORMACIÓN GENERAL
campo de control de longitud fija 240925s2010 ck |||| |||| 00| 0 spa d
020 ## - NÚMERO INTERNACIONAL ESTÁNDAR DEL LIBRO
Número Internacional Estándar del Libro 9789875382718
040 ## - FUENTE DE CATALOGACIÓN
Centro catalogador/agencia de origen Co-PeBPM
Lengua de catalogación spa
Centro/agencia transcriptor Co-PeBPM
Normas de descripción rda
041 ## - CÓDIGO DE IDIOMA
Código de lengua del texto/banda sonora o título independiente spa
082 04 - NÚMERO DE LA CLASIFICACIÓN DECIMAL DEWEY
Número de clasificación 320.6 Ll792f
Número de edición 22
100 10 - ENTRADA PRINCIPAL--NOMBRE DE PERSONA
Nombre de persona Llobet, Valeria
Término indicativo de función/relación autora
245 10 - MENCIÓN DEL TÍTULO
Título ¿Fábricas de niños?
Resto del título : Las instituciones en la era de los derechos de la infancia
Mención de responsabilidad, etc. / Valeria Llobet
250 ## - MENCION DE EDICION
Mención de edición Primera edición
260 ## - PUBLICACIÓN, DISTRIBUCIÓN, ETC.
Lugar de publicación, distribución, etc. Buenos Aires
Nombre del editor, distribuidor, etc. : Centro de Publicaciones Educativas y Material Didáctico.
Fecha de publicación, distribución, etc. 2010
300 ## - DESCRIPCIÓN FÍSICA
Extensión 304 páginas
Dimensiones 22,5 centímetros
490 ## - MENCIÓN DE SERIE
Mención de serie Interlíneas
500 ## - NOTA GENERAL
Nota general Incluye índice
500 ## - NOTA GENERAL
Nota general Contiene datos biográficos de la autora en la solapa del texto
504 ## - NOTA DE BIBLIOGRAFÍA, ETC.
Nota de bibliografía, etc. Incluye Bibliografía
520 ## - RESUMEN, ETC.
Sumario, etc. El libro de Valeria LLobet constituye un aporte sustantivo a la comprensión de las problemáticas de la niñez, atravesadas por las tensiones entre el horizonte planteado por la Convención Internacional de los derechos del niño y las instituciones y políticas dirigidas a la infancia en las décadas recientes. Historia de la niñez en la Argentina revela que a fines del siglo XX se configuró un escenario gravísimo de emergencia social en el que las responsabilidades del estado y de la sociedad civil se acentuaron frente a niños y adolescentes con escasas perspectivas de un futuro digno y promisorio. Sin embargo, los derechos de los niños como instrumento jurídico no pueden ser analizados exclusivamente desde el lugar que ocuparon en el terreno discursivo a lo largo de la década del 90, sino teniendo en cuenta los modos en que se cristalizaron y materializaron en los procesos internos de las instituciones de atención y en las tácticas y estrategias de las políticas públicas.
650 14 - PUNTO DE ACCESO ADICIONAL DE MATERIA--TÉRMINO DE MATERIA
Término de materia o nombre geográfico como elemento de entrada Políticas Públicas
Fuente del encabezamiento o término LEMB
650 14 - PUNTO DE ACCESO ADICIONAL DE MATERIA--TÉRMINO DE MATERIA
Término de materia o nombre geográfico como elemento de entrada Derechos de los niños
Fuente del encabezamiento o término LEMB
942 ## - ELEMENTOS DE ENTRADA SECUNDARIOS (KOHA)
Fuente del sistema de clasificación o colocación Clasificación Decimal Dewey
Tipo de ítem Koha Libros
Suprimir en OPAC No
Holdings
Estatus retirado Estado de pérdida Fuente del sistema de clasificación o colocación Estado de daño No para préstamo Biblioteca de origen Biblioteca actual Fecha de adquisición Total de préstamos Signatura topográfica completa Código de barras Visto por última vez Copia número Precio de reemplazo Tipo de ítem Koha
    Clasificación Decimal Dewey     BIBLIOTECA PÚBLICA MUNICIPAL RAMON CORREA MEJIA BIBLIOTECA PÚBLICA MUNICIPAL RAMON CORREA MEJIA 25/09/2023   320.6 Ll792f 60332 25/09/2024 Ej.1 25/09/2024 Libros

Powered by Koha